000 01562nam a22003017a 4500
005 20140725152515.0
010 _aENG-110054-57 ENG-110063
020 _a9789380607641(V.1)
_c1895.00
020 _a9789380607658(V.2)
_c1895.00
020 _a9789380607665(V.3)
_c1395.00
020 _a9789380607672(V.4)
_c1595.00
020 _a9789380607689(V.5)
_c1950.00
035 _aEN-93587-90 EN-93596
037 _bDBAD/PUB
082 _a954.03
245 _aCalendar of Persian correspondence :
_cby Imperial Record Department ; with an introduction by Muzaffar Alam, Sanjay Subrahmanyam.
_bbeing letters, referring mainly to affairs in Bengal, which passed between some of the Company’s servants and Indian rulers and notables /
260 _aDelhi
_bNational Archives of India
_bPrimus Books
_c2013
270 _aVirat Bhavan, Mukherjee Nagar Commercial Complex
_bDelhi
_e110009
300 _a5V.(Lvi,xxviii,509p.; Lvi, xxiii,470,22p. ; Lvi,xxxiii,285,xxp.; Lvi,xviii,365,xxvip.; Lvi,xxxiv,507,xxxip.)
_b25cm(Hb)
490 _a Archives in India historical reprints
500 _aVolumes 2-5 have other title information: being letters which passed between some of the Company’s servants and Indian rulers and notables
500 _aIncludes bibliographical references and indexes.
505 _a V. 1-1759-1767 ; v. 2-. 1767-1769 ; v. 3- 1770-1772 ; v. 4- 1772-1775 ; v. 5-1776-1780.
610 _aEast India Company.
700 _aSubrahmanyam, Sanjay
710 _aNational Archives of India.
942 _2ddc
_cEN
_mCAL
_h954.03
999 _c84447
_d84447